[Event "BL 9394 HSK-Castrop Rauxel"]
[Site "?"]
[Date "1994.??.??"]
[Round "?.8"]
[White "Heinemann, T."]
[Black "Doering, T."]
[Result "1/2-1/2"]
[WhiteElo "2380"]
[BlackElo "2215"]
[PlyCount "58"]
[EventDate "1994.??.??"]

1. e4 c5 2. Nf3 e6 3. b3 d6 4. Bb2 Nf6 5. Bb5+ Bd7 6. Bxd7+ Nbxd7 7. Qe2 Be7 8.
O-O O-O 9. Rd1 a6 10. d4 cxd4 11. Rxd4 d5 12. exd5 exd5 13. Nc3 Bc5 14. Rd3 Re8
15. Qd2 Nb6 16. Qg5 h6 17. Qf5 Qe7 18. Nd2 Qe6 19. Rf3 Rac8 20. Qxe6 Rxe6 21.
Nf1 Ng4 22. Nd1 Re2 23. Rc1 Rce8 24. Nde3 Nxe3 25. Nxe3 R8xe3 26. fxe3 Bxe3+
27. Rxe3 Rxe3 28. Bd4 Re6 29. Rd1 Kf8 1/2-1/2

[Event "BL 9394 Stadthagen-Bochum"]
[Site "?"]
[Date "1994.??.??"]
[Round "?.1"]
[White "Dokhoian, Y."]
[Black "Khalifman, A."]
[Result "1/2-1/2"]
[WhiteElo "2570"]
[BlackElo "2660"]
[PlyCount "95"]
[EventDate "1994.??.??"]

1. d4 Nf6 2. c4 e6 3. Nc3 Bb4 4. Qc2 O-O 5. a3 Bxc3+ 6. Qxc3 b6 7. Bg5 Bb7 8.
f3 c5 9. dxc5 bxc5 10. e3 Nc6 11. Nh3 h6 12. Bh4 Qa5 13. Qxa5 Nxa5 14. b4 cxb4
15. axb4 Nc6 16. b5 Ne7 17. Bd3 Rfc8 18. Ke2 d5 19. Rhc1 dxc4 20. Rxc4 Rxc4 21.
Bxc4 Nf5 22. Bxf6 gxf6 23. Nf4 Nd6 24. Bd3 f5 25. Kf2 Kf8 26. Ne2 Ke7 27. h3
Kf6 28. Ra4 Ke7 29. g4 fxg4 30. hxg4 Kf6 31. Ra1 Kg7 32. e4 Kf6 33. Ke3 e5 34.
Nc3 Ke7 35. Na4 Kd7 36. Rh1 Rh8 37. Rc1 Rc8 38. Nc5+ Ke7 39. Kd2 Rc7 40. Rc3 f6
41. Kc2 Bc8 42. Kb3 Nb7 43. Na4 Rxc3+ 44. Kxc3 Nd8 45. Bc4 Ne6 46. b6 axb6 47.
Nxb6 Bb7 48. Bxe6 1/2-1/2

[Event "BL 9394 Stadthagen-Bochum"]
[Site "?"]
[Date "1994.??.??"]
[Round "?.2"]
[White "Sax, G."]
[Black "Glek, I."]
[Result "1/2-1/2"]
[WhiteElo "2520"]
[BlackElo "2590"]
[PlyCount "44"]
[EventDate "1994.??.??"]

1. e4 e6 2. d4 d5 3. e5 c5 4. c3 Nc6 5. Nf3 Nh6 6. Be2 Nf5 7. g4 Nh4 8. Nxh4
Qxh4 9. Be3 Bd7 10. O-O Qd8 11. Nd2 Qb6 12. Rb1 cxd4 13. cxd4 a5 14. Kh1 a4 15.
f4 h5 16. gxh5 Ne7 17. Bf2 Bb5 18. b3 Bxe2 19. Qxe2 a3 20. b4 Nf5 21. Rfc1 Be7
22. Nf1 Kd7 1/2-1/2

[Event "BL 9394 Stadthagen-Bochum"]
[Site "?"]
[Date "1994.??.??"]
[Round "?.3"]
[White "Schulz, KJ."]
[Black "Knaak, R."]
[Result "1-0"]
[WhiteElo "2420"]
[BlackElo "2530"]
[PlyCount "73"]
[EventDate "1994.??.??"]

1. d4 e6 2. Nf3 d5 3. e3 Nd7 4. Bd3 f5 5. O-O c6 6. c4 Nh6 7. b3 Qf6 8. Ba3
Bxa3 9. Nxa3 b6 10. cxd5 exd5 11. b4 Bb7 12. Qe2 a5 13. b5 c5 14. Qb2 Nf7 15.
Nb1 g5 16. Nc3 g4 17. Nd2 cxd4 18. Na4 Nc5 19. Nxc5 bxc5 20. exd4 O-O 21. f3 c4
22. Bc2 Qg5 23. Qc3 Nd6 24. a4 Rfe8 25. Rfe1 h5 26. Re5 Rxe5 27. dxe5 Nf7 28.
Qd4 f4 29. e6 Ne5 30. fxg4 Nxg4 31. Nf3 Qh6 32. Bf5 Ne3 33. Bh3 Re8 34. Ra2 Bc8
35. b6 Qg6 36. Rb2 Bxe6 37. b7 {Zeit} 1-0

[Event "BL 9394 Stadthagen-Bochum"]
[Site "?"]
[Date "1994.??.??"]
[Round "?.4"]
[White "Lau, R."]
[Black "Backwinkel, P."]
[Result "0-1"]
[WhiteElo "2535"]
[BlackElo "2410"]
[PlyCount "64"]
[EventDate "1994.??.??"]

1. e4 e6 2. d4 d5 3. Nc3 Nf6 4. e5 Nfd7 5. f4 c5 6. Nf3 Nc6 7. Be3 cxd4 8. Nxd4
Bb4 9. Be2 Qh4+ 10. g3 Qe7 11. O-O Bxc3 12. bxc3 O-O 13. Nb3 b6 14. Bd3 Bb7 15.
Qe2 g6 16. Rfe1 Rfd8 17. Qf2 Rac8 18. a4 Ncb8 19. Bd4 Ba6 20. a5 Bxd3 21. cxd3
Nc5 22. Nxc5 bxc5 23. Be3 Na6 24. Reb1 Rb8 25. Qa2 Qc7 26. Qa4 Rb7 27. Rb5 Rdb8
28. c4 d4 29. Bd2 Qc6 30. Rab1 Nb4 31. Rxb7 Qxb7 32. Kf2 Nxd3+ 0-1

[Event "BL 9394 Stadthagen-Bochum"]
[Site "?"]
[Date "1994.??.??"]
[Round "?.5"]
[White "Jackelen, T."]
[Black "Tischbierek, R."]
[Result "0-1"]
[WhiteElo "2425"]
[BlackElo "2490"]
[PlyCount "80"]
[EventDate "1994.??.??"]

1. Nf3 b5 2. e4 Bb7 3. Bxb5 Bxe4 4. O-O c6 5. Ba4 Qa5 6. Nc3 Bg6 7. d4 e6 8.
Ne5 Nf6 9. a3 Be7 10. b4 Qd8 11. Qf3 O-O 12. b5 a6 13. bxc6 Nxc6 14. Bxc6 dxc6
15. Nxc6 Qd7 16. Bg5 Rac8 17. Nxe7+ Qxe7 18. Rfe1 Qc7 19. Re3 Qc6 20. Qxc6 Rxc6
21. Bxf6 gxf6 22. d5 Rc4 23. dxe6 fxe6 24. Ne2 e5 25. c3 Rd8 26. Kf1 Rd2 27.
Ke1 Rb2 28. Nc1 Rc2 29. Ne2 Kf7 30. g3 Re4 31. Rxe4 Bxe4 32. h4 Bd3 33. Ng1 Ke6
34. Rb1 Rxc3 35. Rb6+ Kf5 36. a4 Rc2 37. f3 Rg2 38. g4+ Kf4 39. Rxf6+ Ke3 40.
Nh3 Rh2 0-1

[Event "BL 9394 Stadthagen-Bochum"]
[Site "?"]
[Date "1994.??.??"]
[Round "?.6"]
[White "Keitlinghaus, L."]
[Black "Luecke, N."]
[Result "1/2-1/2"]
[WhiteElo "2510"]
[BlackElo "2410"]
[PlyCount "53"]
[EventDate "1994.??.??"]

1. e4 g6 2. d4 Bg7 3. Nf3 d6 4. Be2 Nd7 5. O-O e6 6. c4 Ne7 7. Nc3 O-O 8. Re1
b6 9. Be3 Bb7 10. Qc2 a6 11. h3 h6 12. d5 e5 13. Nd2 f5 14. f3 f4 15. Bf2 g5
16. b4 h5 17. c5 Nf6 18. cxd6 cxd6 19. Na4 Nc8 20. Rec1 Rf7 21. Qd1 Bf8 22. b5
Rg7 23. bxa6 Bxa6 24. Bxa6 Rxa6 25. Qc2 Ra8 26. Qc6 Rb8 27. Kf1 1/2-1/2

[Event "BL 9394 Stadthagen-Bochum"]
[Site "?"]
[Date "1994.??.??"]
[Round "?.7"]
[White "Sonntag, HH."]
[Black "Heissler, J."]
[Result "1/2-1/2"]
[WhiteElo "2405"]
[BlackElo "2425"]
[PlyCount "131"]
[EventDate "1994.??.??"]

1. d4 Nf6 2. c4 d6 3. Nc3 g6 4. Nf3 Bg7 5. e3 O-O 6. Be2 Nbd7 7. O-O e5 8. b4
Re8 9. a4 e4 10. Nd2 Nf8 11. b5 h5 12. a5 Bf5 13. a6 b6 14. Na2 Ng4 15. Nb4 Qh4
16. Bxg4 Bxg4 17. f3 exf3 18. Nxf3 Qd8 19. Qb3 Ne6 20. Nc6 Qd7 21. Ra2 Bxf3 22.
gxf3 Nd8 23. Nb4 Ne6 24. Qd3 Kh7 25. Rg2 Qe7 26. Bd2 Qd7 27. Kh1 Nf8 28. Rfg1
Kg8 29. f4 f5 30. Nd5 Qf7 31. Be1 Rac8 32. Nb4 Qe6 33. Bf2 Ra8 34. h3 Rac8 35.
Kh2 Ra8 36. Re1 Rac8 37. Bh4 Kf7 38. Rg3 Ra8 39. Reg1 Rac8 40. R1g2 Ra8 41. Nc6
Kg8 42. Qe2 Qe4 43. Rg1 Kf7 44. Qg2 Qxg2+ 45. Kxg2 Bf6 46. Bxf6 Kxf6 47. Kf3
Kf7 48. Rc1 Re4 49. Rg2 Nd7 50. Nb4 Nf6 51. Re1 Rae8 52. Kf2 R4e6 53. Nc6 Ra8
54. Reg1 Rae8 55. Re1 Ra8 56. Ke2 Rae8 57. Kd3 Ra8 58. Reg1 Rae8 59. Kd2 Ne4+
60. Kc2 Ra8 61. d5 Rf6 62. Ne5+ dxe5 63. fxe5 g5 64. exf6 Kxf6 65. Kd3 Re8 66.
Kd4 1/2-1/2

[Event "BL 9394 Stadthagen-Bochum"]
[Site "?"]
[Date "1994.??.??"]
[Round "?.8"]
[White "Gauglitz, G."]
[Black "Kassebaum, R."]
[Result "1/2-1/2"]
[WhiteElo "2420"]
[BlackElo "2355"]
[PlyCount "130"]
[EventDate "1994.??.??"]

1. d4 Nf6 2. Nf3 g6 3. c4 Bg7 4. g3 c5 5. Bg2 cxd4 6. Nxd4 O-O 7. O-O Nc6 8.
Nc3 Ng4 9. e3 d6 10. Nde2 Qa5 11. Qd5 Qb4 12. a3 Qb6 13. Qb5 Qd8 14. Rd1 Bd7
15. Qxb7 Rb8 16. Qa6 Rb6 17. Qa4 Nd4 18. Qxa7 Nc6 19. Bxc6 Rxc6 20. b3 Ne5 21.
e4 Rb6 22. c5 Rxb3 23. cxd6 exd6 24. Rxd6 Qe7 25. Rxd7 Qxd7 26. Qxd7 Nxd7 27.
Bd2 Ne5 28. Nd4 Rb2 29. Bc1 Rb7 30. Bf4 Rc8 31. Nd5 Nf3+ 32. Nxf3 Bxa1 33. e5
Rd8 34. Nf6+ Kg7 35. h4 h6 36. Ng4 Rh8 37. h5 g5 38. Bd2 Rb3 39. Ne3 Rxa3 40.
Bb4 Rxe3 41. fxe3 Rb8 42. Bd6 Rb3 43. Kf2 Rd3 44. Be7 Rd5 45. Bf6+ Kf8 46. g4
Bb2 47. Ke2 Kg8 48. Kf2 Kf8 49. Ke2 Bc3 50. Kf2 Bb2 51. Ke2 Ba1 52. Kf2 Ra5 53.
Nd4 Ra4 54. Nb3 Bc3 55. Kf3 Rc4 56. Nd4 Bxd4 57. exd4 Rxd4 58. Kg3 Rf4 59. Bh8
Ra4 60. Bf6 Ra3+ 61. Kg2 Ke8 62. Bg7 Ra6 63. Kf3 Kd7 64. Ke4 Re6 65. Kf5 Ke7
1/2-1/2

[Event "BL 9394 Castrop Rauxel-Stadthagen"]
[Site "?"]
[Date "1994.??.??"]
[Round "?.2"]
[White "Libeau, R."]
[Black "Sax, G."]
[Result "1/2-1/2"]
[WhiteElo "2445"]
[BlackElo "2520"]
[PlyCount "28"]
[EventDate "1994.??.??"]

1. c4 Nf6 2. Nc3 e5 3. Nf3 Nc6 4. a3 d5 5. d4 exd4 6. Nxd4 Be7 7. cxd5 Nxd5 8.
Nxc6 bxc6 9. Bd2 O-O 10. g3 Rb8 11. Qc2 Nb6 12. Nd1 Ba6 13. Ne3 Bf6 14. Rd1 Nd5
1/2-1/2

[Event "BL 9394 Castrop Rauxel-Stadthagen"]
[Site "?"]
[Date "1994.??.??"]
[Round "?.3"]
[White "Knaak, R."]
[Black "Dinstuhl, V."]
[Result "1-0"]
[WhiteElo "2530"]
[BlackElo "2365"]
[PlyCount "41"]
[EventDate "1994.??.??"]

1. d4 Nf6 2. c4 c5 3. d5 d6 4. Nc3 g6 5. e4 Bg7 6. Bd3 O-O 7. Nge2 e6 8. O-O
Ng4 9. Nf4 Ne5 10. Be2 Qe7 11. g3 exd5 12. Nfxd5 Qd8 13. f4 Nec6 14. f5 Re8 15.
h4 gxf5 16. exf5 Be5 17. Bh5 Bd4+ 18. Kg2 Nd7 19. Bxf7+ Kxf7 20. Qh5+ Kg8 21.
Bg5 1-0

[Event "BL 9394 Castrop Rauxel-Stadthagen"]
[Site "?"]
[Date "1994.??.??"]
[Round "?.4"]
[White "Ambroz, J."]
[Black "Lau, R."]
[Result "1/2-1/2"]
[WhiteElo "2420"]
[BlackElo "2535"]
[PlyCount "78"]
[EventDate "1994.??.??"]

1. e4 c5 2. Nf3 e6 3. b3 d6 4. Bb2 Nf6 5. d3 g6 6. Nbd2 Bg7 7. g3 O-O 8. Bg2
Nc6 9. O-O e5 10. c3 Nh5 11. Nc4 b5 12. Ne3 b4 13. cxb4 Nxb4 14. a3 Nc6 15. b4
cxb4 16. axb4 Rb8 17. Qd2 Nxb4 18. d4 a5 19. dxe5 dxe5 20. Qxd8 Rxd8 21. Bxe5
Ba6 22. Rfe1 Bd3 23. Red1 Rbc8 24. Bxg7 Kxg7 25. Ne1 Be2 26. Rxd8 Rxd8 27. Rxa5
Rd2 28. e5 Rb2 29. Ra1 f6 30. e6 f5 31. Ra7+ Kf6 32. Rb7 Kxe6 33. Bd5+ Kd6 34.
Bf3 Bxf3 35. Nxf3 Kc6 36. Rxh7 f4 37. Nf1 Nd3 38. Rh6 Nxf2 39. Rxg6+ Kc7
1/2-1/2

[Event "BL 9394 Castrop Rauxel-Stadthagen"]
[Site "?"]
[Date "1994.??.??"]
[Round "?.5"]
[White "Tischbierek, R."]
[Black "Hermesmann, H."]
[Result "1-0"]
[WhiteElo "2490"]
[BlackElo "2295"]
[PlyCount "43"]
[EventDate "1994.??.??"]

1. e4 c5 2. Nc3 Nc6 3. Nge2 d6 4. d4 cxd4 5. Nxd4 Nf6 6. Be3 e5 7. Nf3 h6 8.
Bc4 Be7 9. O-O O-O 10. Qe2 Na5 11. Bd5 a6 12. Rfd1 Qc7 13. Nh4 Kh7 14. Rd3 Nc4
15. Bc1 Nb6 16. Bb3 Nxe4 17. Nxe4 f5 18. Qh5 Bxh4 19. Rxd6 Bxf2+ 20. Kh1 Nc4
21. Bxh6 fxe4 22. Bxg7+ 1-0

[Event "BL 9394 Castrop Rauxel-Stadthagen"]
[Site "?"]
[Date "1994.??.??"]
[Round "?.6"]
[White "Hille, RI."]
[Black "Keitlinghaus, L."]
[Result "1-0"]
[WhiteElo "2275"]
[BlackElo "2510"]
[PlyCount "89"]
[EventDate "1994.??.??"]

1. d4 d5 2. g3 c6 3. Bg2 Bf5 4. Nf3 e6 5. O-O Nd7 6. b3 Ngf6 7. c4 h6 8. Nc3
Bb4 9. Bb2 a5 10. Nd2 O-O 11. a3 Bxc3 12. Bxc3 b5 13. c5 Ne4 14. Bb2 Qg5 15.
Nf3 Qh5 16. Ne5 Nxe5 17. dxe5 Qg5 18. Rc1 a4 19. b4 Qd2 20. Bc3 Qa2 21. f3 Nxc3
22. Rxc3 Qb2 23. Qd4 f6 24. e3 fxe5 25. Qxe5 d4 26. Qxd4 e5 27. Qxe5 Rae8 28.
Qd4 Rd8 29. Rf2 Qa1+ 30. Rf1 Bb1 31. Rcc1 Rxd4 32. Rxb1 Qxa3 33. exd4 Qe3+ 34.
Kh1 Qxd4 35. Rfd1 Qf2 36. f4 Re8 37. Rf1 Qc2 38. Rbc1 Qd2 39. Bxc6 Re2 40. Rcd1
Qxb4 41. Rd8+ Kh7 42. Bd5 Re1 43. Bg8+ Kg6 44. Rd6+ Kf5 45. Kg2 1-0

[Event "BL 9394 Castrop Rauxel-Stadthagen"]
[Site "?"]
[Date "1994.??.??"]
[Round "?.7"]
[White "Heissler, J."]
[Black "Doering, T."]
[Result "1-0"]
[WhiteElo "2425"]
[BlackElo "2215"]
[PlyCount "77"]
[EventDate "1994.??.??"]

1. e4 c5 2. Nf3 e6 3. d3 d5 4. Nbd2 Nc6 5. g3 Bd6 6. Bg2 Nge7 7. O-O O-O 8. Re1
Qc7 9. c3 d4 10. Nc4 e5 11. cxd4 cxd4 12. Bd2 f6 13. Rc1 Be6 14. Nh4 Qd7 15.
Nxd6 Qxd6 16. a3 Rfc8 17. f4 Rc7 18. Nf3 Rac8 19. Qa4 h6 20. f5 Bf7 21. g4 a6
22. h4 Na7 23. Rxc7 Rxc7 24. g5 hxg5 25. hxg5 Qc6 26. Qb4 Qc5 27. g6 Ba2 28.
Qxc5 Rxc5 29. Bb4 Rc7 30. Bd6 Rd7 31. Bc5 Nac8 32. Bxe7 Nxe7 33. Rc1 Kf8 34.
Nd2 Bg8 35. Bf3 Ke8 36. Bd1 Kd8 37. Bb3 Rc7 38. Rxc7 Kxc7 39. Bf7 1-0

[Event "BL 9394 Bochum-HSK"]
[Site "?"]
[Date "1994.??.??"]
[Round "?.1"]
[White "Wahls, M."]
[Black "Dokhoian, Y."]
[Result "1-0"]
[WhiteElo "2520"]
[BlackElo "2570"]
[PlyCount "81"]
[EventDate "1994.??.??"]

1. e4 c5 2. Nf3 Nc6 3. d4 cxd4 4. Nxd4 e6 5. Nb5 d6 6. c4 Nf6 7. N1c3 a6 8. Na3
Be7 9. Be2 O-O 10. O-O b6 11. Be3 Bb7 12. Qb3 Nd7 13. Rac1 Rb8 14. Rfd1 Ba8 15.
Rd2 Re8 16. Qd1 Rb7 17. Nab1 Qb8 18. Qf1 Rc7 19. Rdd1 Rcc8 20. a3 Red8 21. b4
a5 22. Na2 axb4 23. axb4 Nf6 24. Nbc3 d5 25. exd5 exd5 26. Nxd5 Nxd5 27. cxd5
Nxb4 28. Rxc8 Qxc8 29. Nxb4 Bxb4 30. Bf3 Bc5 31. Bg5 f6 32. Bf4 Bb7 33. Qd3 Ba6
34. Qb1 Bc4 35. Be4 h6 36. Bf5 Qb7 37. Be6+ Kh8 38. Qg6 Qe7 39. Bxh6 Bxd5 40.
Bxd5 Rxd5 41. Bxg7+ 1-0

[Event "BL 9394 Bochum-HSK"]
[Site "?"]
[Date "1994.??.??"]
[Round "?.2"]
[White "Glek, I."]
[Black "Ftacnik, L."]
[Result "1-0"]
[WhiteElo "2590"]
[BlackElo "2565"]
[PlyCount "103"]
[EventDate "1994.??.??"]

1. c4 Nf6 2. Nc3 c5 3. Nf3 e6 4. g3 b6 5. Bg2 Bb7 6. O-O Be7 7. Re1 d6 8. e4 a6
9. d4 cxd4 10. Nxd4 Qc7 11. Be3 Nbd7 12. f4 Rc8 13. Bf2 h5 14. h3 g6 15. Rc1
Qb8 16. Qe2 Qa8 17. b4 O-O 18. g4 hxg4 19. hxg4 e5 20. Nd5 Bd8 21. g5 Nh5 22.
Qg4 Bxd5 23. cxd5 Rxc1 24. Rxc1 Qb7 25. Nf5 Nxf4 26. Nxd6 Qb8 27. Rc6 Qa7 28.
Be3 Nb8 29. Nc8 Qb7 30. Rc2 Qd7 31. Qxd7 Nxd7 32. Kf1 Kg7 33. d6 b5 34. Ne7 Bb6
35. Bxf4 exf4 36. Nd5 Bd8 37. Nxf4 Bxg5 38. Nd3 Rd8 39. e5 Nb6 40. Rc7 Nc4 41.
Bh3 Rh8 42. Be6 Rh1+ 43. Kg2 Rd1 44. Rxf7+ Kh6 45. Nf2 Rd2 46. Bxc4 bxc4 47.
Kf3 Bd8 48. Rc7 Rd4 49. Ke3 Rd5 50. Ke4 Rd2 51. Ng4+ Kg5 52. Ne3 1-0

[Event "BL 9394 Bochum-HSK"]
[Site "?"]
[Date "1994.??.??"]
[Round "?.3"]
[White "Mueller, Ka"]
[Black "Schulz, KJ."]
[Result "1/2-1/2"]
[WhiteElo "2480"]
[BlackElo "2420"]
[PlyCount "66"]
[EventDate "1994.??.??"]

1. e4 c5 2. Nf3 e6 3. d4 cxd4 4. Nxd4 Nf6 5. Nc3 d6 6. g4 h6 7. g5 hxg5 8. Bxg5
Nc6 9. Nb3 a6 10. Qe2 Be7 11. h4 b5 12. Bg2 Bd7 13. a3 Rc8 14. O-O-O b4 15.
axb4 Nxb4 16. e5 dxe5 17. Qxe5 Qc7 18. Qxc7 Rxc7 19. Rd4 Bc6 20. Rg1 Bxg2 21.
Rxg2 Nbd5 22. Nxd5 Nxd5 23. Bxe7 Nxe7 24. Ra4 Nf5 25. Rgg4 Rc6 26. Na5 Rc7 27.
Nc4 Nxh4 28. Nd6+ Ke7 29. Nxf7 Kxf7 30. Rxh4 Rxh4 31. Rxh4 Kf6 32. Ra4 Rc6 33.
Kd2 Kf5 1/2-1/2

[Event "BL 9394 Bochum-HSK"]
[Site "?"]
[Date "1994.??.??"]
[Round "?.4"]
[White "Backwinkel, P."]
[Black "Maus, So"]
[Result "0-1"]
[WhiteElo "2410"]
[BlackElo "2420"]
[PlyCount "64"]
[EventDate "1994.??.??"]

1. d4 Nf6 2. c3 b6 3. Bg5 Bb7 4. Bxf6 exf6 5. Nd2 f5 6. e3 g6 7. Ngf3 Bg7 8.
Bd3 Qe7 9. O-O O-O 10. Re1 d5 11. b4 Nd7 12. Nb3 Nf6 13. Nfd2 Ne4 14. Nxe4 fxe4
15. Bf1 f5 16. g3 g5 17. a4 a6 18. a5 Rf6 19. b5 axb5 20. Bxb5 Raf8 21. a6 Ba8
22. Be2 f4 23. Qd2 Qe6 24. Rec1 h5 25. Qd1 fxe3 26. fxe3 Qh3 27. Qe1 g4 28. Qf1
Rxf1+ 29. Rxf1 Rf3 30. Bxf3 gxf3 31. Rf2 Bh6 32. Re1 Qd7 0-1

[Event "BL 9394 Bochum-HSK"]
[Site "?"]
[Date "1994.??.??"]
[Round "?.6"]
[White "Luecke, N."]
[Black "Mowsziszian, K."]
[Result "1/2-1/2"]
[WhiteElo "2410"]
[BlackElo "2490"]
[PlyCount "161"]
[EventDate "1994.??.??"]

1. Nf3 Nf6 2. g3 g6 3. Bg2 Bg7 4. O-O O-O 5. d4 d6 6. a4 a5 7. Nbd2 Nbd7 8. e4
e5 9. dxe5 dxe5 10. Qe2 b6 11. Nc4 Ba6 12. b3 Re8 13. Bb2 Qe7 14. Rfe1 Qe6 15.
Bf1 Bf8 16. Ng5 Qc6 17. f3 Nh5 18. Qg2 f6 19. Nh3 Bb4 20. Red1 Ng7 21. Na3 Bxf1
22. Qxf1 Ne6 23. Qb5 Qc5+ 24. Nf2 Bxa3 25. Bxa3 Qxb5 26. axb5 Rad8 27. Bb2 Ndc5
28. Ng4 Kf7 29. Ne3 Nb7 30. Nd5 Nd6 31. c4 Rd7 32. Kg2 Nc5 33. Nxc7 Rxc7 34.
Rxd6 Nxb3 35. Ra3 Nc5 36. Rxb6 Rd8 37. Bc3 a4 38. Bb4 Nd3 39. Ba5 Nb2 40. Rxf6+
Kxf6 41. Bxc7 Rd2+ 42. Kg1 Rd3 43. Ra2 Rb3 44. b6 a3 45. c5 Nc4 46. Ra1 Ke6 47.
c6 Na5 48. b7 Nxc6 49. Rc1 Nd4 50. Rc5 Rxb7 51. Rxe5+ Kf7 52. Ra5 Rxc7 53. Rxa3
Rc2 54. Rd3 Rd2 55. Ra3 Ke6 56. h4 Kd6 57. Ra6+ Kc5 58. Rf6 Kc4 59. e5 Kd5 60.
e6 Nxe6 61. Rf7 Nd4 62. Rxh7 Nxf3+ 63. Kf1 Ke4 64. Rf7 Ra2 65. Rf6 Ne5 66. Kg1
Rc2 67. Kf1 Nd3 68. Rxg6 Kf3 69. Rf6+ Kxg3 70. Rf8 Kxh4 71. Rf3 Rd2 72. Rf7 Kg3
73. Rf8 Nf4 74. Ke1 Rd3 75. Rf7 Kf3 76. Rf8 Rd7 77. Rf6 Ke3 78. Rf8 Ng2+ 79.
Kf1 Rg7 80. Re8+ Kf3 81. Rf8+ 1/2-1/2

[Event "BL 9394 Bochum-HSK"]
[Site "?"]
[Date "1994.??.??"]
[Round "?.7"]
[White "Sievers, S."]
[Black "Sonntag, HH."]
[Result "1/2-1/2"]
[WhiteElo "2330"]
[BlackElo "2405"]
[PlyCount "55"]
[EventDate "1994.??.??"]

1. e4 e5 2. Nf3 Nc6 3. Bb5 a6 4. Bxc6 dxc6 5. O-O Qd6 6. d3 f6 7. Be3 c5 8.
Nbd2 Be6 9. Qe2 Ne7 10. Nc4 Bxc4 11. dxc4 Nc6 12. c3 Qe6 13. Rfd1 Bd6 14. a3
O-O 15. Nd2 a5 16. b3 b6 17. a4 g6 18. f3 f5 19. Ra2 Nd8 20. Nb1 Nf7 21. Na3
Rad8 22. Rad2 Be7 23. Rxd8 Rxd8 24. Rxd8+ Bxd8 25. Qd3 c6 26. Nc2 Qd6 27. Ne1
Bf6 28. g3 1/2-1/2

[Event "BL 9394 Bochum-HSK"]
[Site "?"]
[Date "1994.??.??"]
[Round "?.8"]
[White "Kassebaum, R."]
[Black "Heinemann, T."]
[Result "1/2-1/2"]
[WhiteElo "2355"]
[BlackElo "2380"]
[PlyCount "56"]
[EventDate "1994.??.??"]

1. e4 c5 2. Nf3 d6 3. d4 cxd4 4. Nxd4 Nf6 5. Nc3 a6 6. g3 e5 7. Nde2 Be6 8. Bg2
Be7 9. a4 O-O 10. O-O Nbd7 11. a5 b6 12. axb6 Qxb6 13. h3 Rfc8 14. Na4 Qc6 15.
Nec3 Nb6 16. Bg5 Nxa4 17. Rxa4 h6 18. Be3 Qb7 19. Qa1 Rcb8 20. Bc1 Bd7 21. Ra3
Qc8 22. Kh2 d5 23. Ra5 Bd8 24. Nxd5 Bb5 25. Nxf6+ Bxf6 26. c4 Qxc4 27. Be3 Rc8
28. Ra3 Qe6 1/2-1/2

[Event "BL 9394 Empor Berlin-Koblenz"]
[Site "?"]
[Date "1994.??.??"]
[Round "?.3"]
[White "Seul, G."]
[Black "Muse, M."]
[Result "1-0"]
[WhiteElo "2425"]
[BlackElo "2455"]
[PlyCount "125"]
[EventDate "1994.??.??"]

1. d4 d5 2. c4 e5 3. dxe5 d4 4. Nf3 Nc6 5. g3 Bb4+ 6. Nbd2 Be6 7. Bg2 Bxc4 8.
O-O Bxd2 9. Qxd2 Qd7 10. b3 Bd5 11. Bb2 Nge7 12. Rfd1 Rd8 13. Qg5 O-O 14. Nxd4
h6 15. e6 hxg5 16. exd7 Bxg2 17. Kxg2 Nb8 18. Nb5 f6 19. Nxc7 Rxd7 20. Rxd7
Nxd7 21. Rd1 Nb6 22. Ne6 Rc8 23. Rd8+ Kh7 24. Rxc8 Nbxc8 25. Kf3 Kg6 26. Ke4
Nd6+ 27. Kd3 Nc6 28. a4 Kf7 29. Nd4 Ne5+ 30. Kd2 Ne4+ 31. Ke3 Nd6 32. Kd2 Ne4+
33. Ke1 Nc5 34. Ba3 b6 35. f3 g4 36. f4 Ned7 37. Kd2 g6 38. Kc2 Ne4 39. Nb5 a6
40. Nc7 a5 41. Kd3 f5 42. Kd4 Nd2 43. b4 Nf1 44. Kd5 Nxh2 45. Kc6 Nf1 46. Kxd7
Nxg3 47. b5 Ne4 48. Ne6 g3 49. Bb2 g2 50. Bd4 Nf6+ 51. Kd6 Ne4+ 52. Ke5 Nc3 53.
Bxb6 Nxa4 54. Bf2 Nb2 55. b6 Nc4+ 56. Kd5 Nxb6+ 57. Bxb6 a4 58. Ng5+ Kg7 59.
Nf3 a3 60. Bd4+ Kh6 61. Ne1 g5 62. Nxg2 Kh5 63. Ke5 1-0

[Event "BL 9394 Empor Berlin-Koblenz"]
[Site "?"]
[Date "1994.??.??"]
[Round "?.4"]
[White "Luther, T."]
[Black "Fritsche, L."]
[Result "1-0"]
[WhiteElo "2515"]
[BlackElo "2375"]
[PlyCount "67"]
[EventDate "1994.??.??"]

1. e4 e5 2. Nf3 d6 3. d4 exd4 4. Qxd4 Nf6 5. Nc3 Be7 6. Bg5 O-O 7. O-O-O Be6 8.
h4 c5 9. Qd2 Nc6 10. a3 Qb6 11. Nd5 Bxd5 12. exd5 Ne5 13. Nxe5 dxe5 14. d6 Rfd8
15. Bxf6 Bxf6 16. Rh3 Qc6 17. g4 Rd7 18. g5 Be7 19. Rd3 Bf8 20. Bh3 Rdd8 21. d7
Qe4 22. h5 c4 23. Re3 Qf4 24. g6 Bc5 25. gxf7+ Kh8 26. Re2 Qxf7 27. Rxe5 Qxf2
28. Qxf2 Bxf2 29. Re4 b5 30. Rd5 Rab8 31. Rxb5 Bb6 32. Rbe5 Kg8 33. Re8+ Kf7
34. Rf4# 1-0

[Event "BL 9394 Empor Berlin-Koblenz"]
[Site "?"]
[Date "1994.??.??"]
[Round "?.5"]
[White "Polster, W."]
[Black "Volke, K."]
[Result "0-1"]
[WhiteElo "2335"]
[BlackElo "2480"]
[PlyCount "142"]
[EventDate "1994.??.??"]

1. e4 c5 2. Nc3 e6 3. d3 d5 4. Bd2 Nc6 5. g3 d4 6. Nce2 f5 7. Nf4 Nf6 8. Bg2
fxe4 9. dxe4 Bd6 10. b3 O-O 11. f3 e5 12. Nd3 Be6 13. Nh3 b5 14. Ng5 Bd7 15.
O-O h6 16. Nh3 c4 17. Ne1 a5 18. Nf2 a4 19. bxc4 bxc4 20. f4 Qc7 21. f5 Ba3 22.
g4 Bb2 23. Rb1 c3 24. Bc1 Na5 25. h4 Bb5 26. g5 Bxf1 27. Bxf1 Bxc1 28. Rxc1 Nh7
29. Qh5 Nc4 30. Bxc4+ Qxc4 31. Ned3 Qxa2 32. Ng4 Qf7 33. g6 Qe8 34. gxh7+ Kxh7
35. Qg6+ Qxg6 36. fxg6+ Kxg6 37. Ngxe5+ Kh7 38. Nc6 a3 39. Nxd4 Ra4 40. Ne6 Rb8
41. Nec5 a2 42. Nxa4 Rb1 43. Nxc3 Rxc1+ 44. Nxc1 a1=Q 45. N3e2 Qe5 46. Nd3 Qxe4
47. Nef4 Qe3+ 48. Kg2 Qd2+ 49. Kf3 g6 50. Ne5 Qd1+ 51. Ke3 Qe1+ 52. Ne2 Qxh4
53. c4 Qe7 54. Kd4 Qd6+ 55. Ke4 Qd1 56. Nd4 Qh1+ 57. Ndf3 Qb1+ 58. Kd5 Qb7+ 59.
Kd6 Qb8+ 60. Kd5 Qd8+ 61. Ke4 Qe7 62. Kd5 g5 63. Nd4 Qd8+ 64. Ke4 Qd6 65. Nf5
Qc5 66. Ne3 Qf8 67. Nf5 h5 68. Nd3 Qa8+ 69. Kd4 Qf3 70. Ne3 h4 71. c5 h3 0-1

[Event "BL 9394 Empor Berlin-Koblenz"]
[Site "?"]
[Date "1994.??.??"]
[Round "?.6"]
[White "Rabiega, R."]
[Black "Bohn, T."]
[Result "1/2-1/2"]
[WhiteElo "2480"]
[BlackElo "2355"]
[PlyCount "103"]
[EventDate "1994.??.??"]

1. e4 e6 2. d4 d5 3. Nc3 Nf6 4. Bg5 Be7 5. exd5 exd5 6. Bd3 Nc6 7. Nge2 Nb4 8.
Bb5+ c6 9. Ba4 a5 10. Bb3 Bg4 11. O-O Bxe2 12. Qxe2 O-O 13. Rfe1 Re8 14. Qf3
Na6 15. Ne2 Nc7 16. c3 Ne6 17. Be3 Ne4 18. Ng3 Nd6 19. Bc2 g6 20. Qg4 Ng7 21.
Rad1 Qc8 22. Qf3 Qd7 23. Bh6 Bf8 24. Rxe8 Rxe8 25. h4 Ngf5 26. Nxf5 Nxf5 27.
Bxf8 Kxf8 28. h5 Kg7 29. Qf4 h6 30. g3 Re2 31. Bd3 Re7 32. Kg2 Qd6 33. Qg4 Qf6
34. hxg6 fxg6 35. Rd2 h5 36. Qf3 Nd6 37. b3 Re1 38. Re2 Qxf3+ 39. Kxf3 Rc1 40.
Rc2 Ra1 41. c4 Kf6 42. cxd5 cxd5 43. Ke3 g5 44. Rc5 Ke6 45. Rxa5 h4 46. gxh4
gxh4 47. Ra8 Re1+ 48. Kf3 Rd1 49. Ke2 Ra1 50. Ke3 Re1+ 51. Kf3 Rd1 52. Ke2
1/2-1/2

[Event "BL 9394 Empor Berlin-Koblenz"]
[Site "?"]
[Date "1994.??.??"]
[Round "?.7"]
[White "Hammes, M."]
[Black "Poldauf, D."]
[Result "0-1"]
[WhiteElo "2220"]
[BlackElo "2425"]
[PlyCount "124"]
[EventDate "1994.??.??"]

1. d4 Nf6 2. c4 g6 3. Nc3 Bg7 4. e4 d6 5. Nf3 O-O 6. Be2 e5 7. O-O Na6 8. Be3
Ng4 9. Bg5 Qe8 10. dxe5 h6 11. Bh4 dxe5 12. h3 Nf6 13. Nd5 Nxe4 14. Be7 c6 15.
Bxf8 Qxf8 16. Ne3 f5 17. Re1 f4 18. Bd3 Nec5 19. Bxg6 fxe3 20. Rxe3 e4 21. Nh4
Qf6 22. Qh5 Be6 23. Rd1 Rf8 24. Rd2 Nd3 25. Rexd3 exd3 26. Bxd3 Rd8 27. Nf3 Nb4
28. Be4 Rxd2 29. Qe8+ Bf8 30. Nxd2 Bf7 31. Qd7 Qxb2 32. Qf5 Qg7 33. g4 Nxa2 34.
Nf3 Nc3 35. Bd3 b5 36. cxb5 cxb5 37. Ne5 b4 38. Nd7 b3 39. Nxf8 Kxf8 40. Qc8+
Be8 41. Qc5+ Kg8 42. Qc4+ Kh8 43. Qxb3 Bf7 44. Qb8+ Bg8 45. Bc4 a5 46. Bxg8
Qxg8 47. Qe5+ Qg7 48. Qxa5 Ne2+ 49. Kh2 Qe7 50. Qa8+ Kg7 51. Qb8 Qe4 52. Qc7+
Kg6 53. Qd6+ Kg7 54. Qc7+ Kf6 55. Qd6+ Qe6 56. Qf8+ Ke5 57. Qc5+ Kf4 58. Qf8+
Ke4 59. Qb4+ Kf3 60. Qf8+ Ke4 61. Kg2 Nf4+ 62. Kg3 Qb3+ 0-1